Estadísticas para Formas de Países Americanos

Haz click aquí para intentar la prueba.

Estadísticas generales

  • Esta prueba ha sido intentada 43 veces
  • La puntuación promedio es 24 de 35

Estadísticas de respuestas

Respuesta% Correcto
Brasil
100%
Canadá
100%
Chile
100%
Estados Unidos
100%
México
100%
Argentina
97%
Perú
94%
Cuba
91%
Colombia
85%
Panamá
85%
Bolivia
82%
Ecuador
79%
Haití
70%
Trinidad y Tobago
70%
Bahamas
67%
Costa Rica
67%
Guatemala
64%
Uruguay
64%
Venezuela
64%
Belice
61%
Nicaragua
61%
Barbados
58%
Guyana
58%
Paraguay
58%
República Dominicana
58%
San Vicente y las Granadinas
58%
Honduras
55%
El Salvador
52%
Jamaica
52%
Santa Lucía
52%
San Cristóbal y Nieves
48%
Surinam
48%
Antigua y Barbuda
45%
Dominica
45%
Granada
45%

Distribución de puntuación

Porcentaje por número respondido

Porcentaje de gente con cada puntuación

Historial de tus puntuaciones

No has intentado esta prueba.